000 00334pab a2200145 454500
008 180718b1988 xxu||||| |||| 00| 0 eng d
100 _aNeogi, Sisir Kumar
245 _aDrinking Water
_bQuality aspects
260 _c1988
300 _a35-8
362 _aJul.
650 _aWater Supply
773 _aCivic Affairs
909 _a20608
999 _c20608
_d20608